Quiz da Geórgia - Statistics

Estatísticas Gerais
  • Esse quiz foi jogado 914 vezes
  • A pontuação média é 10 de 16
Estatísticas das Respostas
Dica Resposta % Correto
Países fazendo fronteira com a Geórgia Rússia
93%
Países fazendo fronteira com a Geórgia Armênia
91%
A Geórgia fazia parte deste país antes de 1991 União Soviética
89%
Países fazendo fronteira com a Geórgia Azerbaijão
88%
Países fazendo fronteira com a Geórgia Turquia
86%
Cinco desses objetos aparecem na bandeira Cruzes
79%
Ditador do país acima que nasceu na atual Geórgia Josef Stalin
76%
Mar que faz fronteira com a Geórgia Mar Negro
75%
Capital Tbilisi
68%
Lugares auto-declaradas independentes da Geórgia {Ossétia} do Sul
56%
Cordilheira na fronteira norte Cáucaso
48%
Os georgianos fazem isso há 8.000 anos, às vezes fermentando em potes de barro gigantes Vinho
48%
Lugares auto-declaradas independentes da Geórgia Abecásia
39%
Esporte em que a Geórgia ganhou 17 de suas 32 medalhas olímpicas Luta
38%
Segunda maior cidade Batumi
21%
Nome da região da Geórgia durante tempos romanos Iberia
14%
Nenhum quiz correspondente encontrado
Distribuição das Pontuações
Porcentagem de Pessoas com Cada Pontuação
Percentil de Números Respondidos
Sua Pontuação Histórica
Você não jogou esse quiz